| 000 | 00870nam a22002297a 4500 | ||
|---|---|---|---|
| 001 | 41509 | ||
| 003 | BD-RjUL | ||
| 005 | 20211209053413.0 | ||
| 008 | 160531s1943 ii a|||| |||| 00| 0 ben d | ||
| 020 | _c: IRs 5.00 | ||
| 035 | _a(BD-RjUL)41627 | ||
| 040 |
_aBD-RjUL _bben _cBD-RjUL |
||
| 041 | _aben | ||
| 082 |
_223 _a294.5 _bGHJ 1943 |
||
| 100 |
_aঘোষ, ক্ষিতিনাথ _9127569 |
||
| 245 | 1 | 0 |
_aজীবন ও মরণ : _bব্রহ্মবিদ্যাবিষয়ক গ্রন্থ / _cক্ষিতিনাথ ঘোষ |
| 260 |
_aকলিকাতা ঃ _bকমলা বুক ডিপো, _c১৯৪৩ |
||
| 300 |
_a[৪০], ২৯৫ পৃ. : _bচিত্র ; _c২২ সেমি. |
||
| 650 |
_aহিন্দুত্ত্ববাদ _9127570 |
||
| 650 |
_aHinduism _9127571 |
||
| 942 |
_2ddc _cBK |
||
| 999 |
_c41509 _d41509 |
||